01786nam a2200361 i 4500003000900000005001700009008004100026017001300067040004600080041000800126082002600134092000700160099003400167100004600201245013200247264009800379300003000477336002200507337002400529338003300553504006000586546009600646650003500742650002400777651001000801856005700811905000700868942001900875999001700894952017100911952017101082952017101253EG-GICUC20260121101544.0251228s1978    ua ||||fr|||| 00| 0 ara d  a19782206  a EG-GICUCbarac EG-GICUCd EG-GICUCerda  aara04221a343.6bع ب . ج04221  aLaw1 10	343.6 ع ب . ج	19780 aعبد الرءوف مهدىeمؤلف.12aالجريمة والعقاب :bدراسة فى علم الإجرام وعلم العقاب /cعبد الرءوف مهدى. 1aالقاهرة :bمطبعة جامعة القاهرة والكتاب الجامعى،c1978.  a191 صفحة ؛c24 سم.  2rda contentatext  2rda mediaaComputer  2rda carrieraOnline Resource  aيحتوي على ارجاعات ببليوجرافية  aالنص أغلبه باللغة العربية مع بعض النصوص الفرنسية14aعلم الإجرام2qrmak14aعلم العقاب1 2qrmak40uhttps://fll.law.cu.edu.eg/fulltext/bks/B10-07227.pdf  a75  2ddccBKe21n0  c52900d52900  00102ddc40718القانون الجنائيaCUbLAW1d2025-12-28l0oLaw1 10	343.6 ع ب . ج	1978 1007227	C1pB10-07227r2025-12-28 16:11:21t1w2025-12-28yBK  00102ddc40708القانون الجنائيaCUbLAW1d2025-12-28l0oLaw1 10	343.6 ع ب . ج	1978 1007228	C2pB10-07228r2025-12-28 16:11:39t2w2025-12-28yBK  00102ddc40708القانون الجنائيaCUbLAW2d2025-12-28l0oLaw2 10	343.6 ع ب . ج	1978 1007229	C3pB10-07229r2025-12-28 16:12:06t3w2025-12-28yBK